000 00316nam a22001337a 4500
008 181031b xxu||||| |||| 00| 0 eng d
020 _a9780495004844
041 _aeng
080 _22nd
_a316
100 _a50
101 _aSOC
245 _aChild Welfare: Policies and Best Practices
_cMather,J
942 _2udc
_cBK
999 _c51310
_d51310